00978nam a2200241 i 450000500170000000800410001702000150005804000290007304100080010204400080011008200210011824501080013926001060024730000540035349000340040750400420044165000580048365000370054165000590057870000310063770000310066871000370069920171114151824.0780928s1978 maua b 100 0 eng  a0873659511 aDLCcDLCdMYGdCO-BoIAVH0 aita axxu04a930.10285bD77g100aApproaches to faunal analysis in the Middle East /ceditado por Richard H. Meadow and Melinda A. Zeder. aCambridge, Mass. (EE.UU.) : bPeabody Museum of Archaeology and Ethnology, Harvard University,c1978. axv, 186 páginas :bilustraciones ;c28 x 23 cm.0 aPeabody Museum bulletin ; v2 aIncluye referencias bibliográficas.26aArqueologíaxRestos animaleszMedio EstevCongresos26aArqueologíaxFaunazMedio Este26aArqueologíaxDomesticación de animaleszMedio Este1 aMeadow, Richard H.eeditor1 aZeder, Melinda A.eeditora2 aSociety for American Archaeology